Manager's guide to strategy /

Bibliographic Details
Main Author: Formisano, Roger A.
Corporate Author: NetLibrary, Inc
Format: eBook
Language:English
Published: New York : McGraw-Hill, [2004]
Series:Briefcase book.
Subjects:
Online Access:Connect to the full text of this electronic book

MARC

Tag First Indicator Second Indicator Subfields
LEADER 00000cam a2200000Ia 4500
001 in00002008721
005 20190326101933.0
006 m d
007 cr cnu---unuuu
008 040121s2004 nyua sb 001 0 eng d
020 |a 0071436456 (electronic bk.) 
020 |a 9780071436458 (electronic bk.) 
035 |a (OCoLC)ocm54061139 
035 |a (OCoLC)54061139 
040 |a N$T  |c N$T  |d OCLCQ  |d UtOrBLW 
043 |a n-us--- 
049 |a TXAM 
050 1 4 |a HD30.28  |b .F6783 2004eb 
082 0 4 |a 658.4/012  |2 22 
100 1 |a Formisano, Roger A. 
245 1 0 |a Manager's guide to strategy /  |c Roger A. Formisano. 
264 1 |a New York :  |b McGraw-Hill,  |c [2004] 
264 4 |c ©2004 
300 |a xiii, 224 pages :  |b illustrations ;  |c 23 cm. 
336 |a text  |b txt  |2 rdacontent 
337 |a computer  |b c  |2 rdamedia 
338 |a online resource  |b cr  |2 rdacarrier 
490 1 |a A briefcase book 
504 |a Includes bibliographical references and index. 
533 |a Electronic reproduction.  |b Boulder, Colo. :  |c NetLibrary,  |d 2004.  |n Available via World Wide Web.  |n Access may be limited to NetLibrary affiliated libraries. 
500 |a Electronic resource. 
650 0 |a Strategic planning. 
650 0 |a Business planning. 
650 0 |a Strategic planning  |z United States. 
650 0 |a Business planning  |z United States. 
655 7 |a Electronic books.  |2 local 
710 2 |a NetLibrary, Inc. 
776 1 |c Original  |z 0071421726  |w (DLC) 2003017209  |w (OCoLC)52532575 
830 0 |a Briefcase book. 
856 4 0 |u http://proxy.library.tamu.edu/login?url=http://www.netLibrary.com/urlapi.asp?action=summary&v=1&bookid=103371  |z Connect to the full text of this electronic book  |t 0 
994 |a 92  |b TXA 
999 |a MARS 
999 f f |s fc00e9a7-4a53-3f18-b9fa-da7a9811e389  |i 2f03c6f9-eb24-39c1-b4ee-a8f1148ab6ed  |t 0 
952 f f |a Texas A&M University  |b College Station  |c Electronic Resources  |d Available Online  |t 0  |e HD30.28 .F6783 2004eb  |h Library of Congress classification 
998 f f |a HD30.28 .F6783 2004eb  |t 0  |l Available Online